| 000 -LEADER |
| fixed length control field |
01016nam a2200241Ia 4500 |
| 001 - CONTROL NUMBER |
| control field |
19499 |
| 003 - CONTROL NUMBER IDENTIFIER |
| control field |
GE_BSU |
| 008 - FIXED-LENGTH DATA ELEMENTS--GENERAL INFORMATION |
| fixed length control field |
181216s||||||||xx |||||||||||||| ||und|| |
| 040 ## - CATALOGING SOURCE |
| Transcribing agency |
GE_BSU |
| 080 ## - UNIVERSAL DECIMAL CLASSIFICATION NUMBER |
| Universal Decimal Classification number |
811.353.1'367 |
| 100 ## - MAIN ENTRY--PERSONAL NAME |
| Personal name |
ერთელიშვილი, ფ. |
| 245 ## - TITLE STATEMENT |
| Title |
რთული წინადადების ისტორიისათვის ქართულში:ნაწ. 1 : ჰიპოტაქსის საკითხები. |
| 245 ## - TITLE STATEMENT |
| Statement of responsibility, etc. |
რედ:ი.ქავთარაძე |
| 260 ## - PUBLICATION, DISTRIBUTION, ETC. |
| Place of publication, distribution, etc. |
თბილისი |
| 260 ## - PUBLICATION, DISTRIBUTION, ETC. |
| Name of publisher, distributor, etc. |
თბილ. უნ-ტის გამ-ბა |
| 260 ## - PUBLICATION, DISTRIBUTION, ETC. |
| Date of publication, distribution, etc. |
1962[კანზე: 1963] |
| 300 ## - PHYSICAL DESCRIPTION |
| Extent |
282გვ;22სმ. |
| 300 ## - PHYSICAL DESCRIPTION |
| Other physical details |
რეზ. რუს. ენ.. - ბიბლიოგრ.: გვ. 279-280. |
| 653 ## - INDEX TERM--UNCONTROLLED |
| Uncontrolled term |
რთული წინადადება ქართულ ენაში; ჰიპოტაქსი; |
| 653 ## - INDEX TERM--UNCONTROLLED |
| Uncontrolled term |
ქართული ენა |
| 942 ## - ADDED ENTRY ELEMENTS (KOHA) |
| Koha item type |
წიგნი |